00835cam a22002531 45000010008000000030004000080050017000120080041000290100017000700350019000870400019001060420012001250500015001370820013001522450078001652600047002433000042002904100058003324400053003905040050004435040031004936500019005247000038005438479944ASL20231015025545.0161212s1966 pk a 00| 0 eng | asa 67007927  a(OCoLC)1295261 aDLCcGASUdASL apremarc00aPK2.Z5bS5 a924bMUH00aMuhammad Shahidullah felicitation volume/cedited by Muhammad Enamul Haq. aDacca:bAsiatic Society of Pakistan,c1966 axxxvi, 422 p.billus., ports.c25 cm.20aAsiatic Society of Pakistan publication;tPublication aAsiatic Society of Pakistan publication;vno. 20 aWorks by Muhammad Shahidullah: p. xvi-xxxiv. aBibliographical footnotes. 0aIndic studies.1 aHaq, Muhammad Enamul,d1906-1982.